000
00331nam a2200133Ia 4500
008
220204s9999 xx 000 0 und d
020
_a
0282162326
082
_a
504.05:338
_b
PRI
100
_a
Princen, Thomas
245
4
_a
The logic of sufficiency
260
_b
MIT Press
_c
2005
650
_a
Sustainable development
942
_c
BK
999
_c
42673
_d
42673